000 00899cam a22002055a 4500
001 L140790
008 071011s1919 xxk eng u
035 _a(Sirsi) u140790
041 0 _aeng
110 2 _aCockett, Henderson and Co.
_95381
245 0 0 _aParticulars and conditions of sale of the renowned freehold residence for many years occupied by Charles Dickens and by him named 'Bleak House'...for sale by auction by Messrs. Cockett, Henderson and Co., on Monday June 30th 1919...
260 _aS.l.
_bs.n.
_c[1919]
_e(Broadstairs
_fGoodall)
300 _a[9] p.
_bill., col., map
_c28 cm. +
_e1 sheet (22 x 7 cm.)
340 _aPrinted
351 _aSingle item
500 _aItem is accompanied by a press clipping dated 4 October 1913 mentioning 'Bleak House'
651 4 _aKent
690 _aPROPERTY-PROPERTY ACQUISITION AND DISPOSAL-ACQUISITION AND DISPOSAL AT AUCTION
942 _n0
999 _c116484
_d116484